000
00308 a2200145 4500
001
170643
020
_a
040
_c
Magnum
100
_a
Vilarrubias, Pia
240
1
0
_a
! Juguemos a volar !
_l
ESP
245
1
0
_a
! Juguemos a volar !
362
0
_a
1899
697
_a
LITERATURA ESTRANGEIRA
942
_c
BK
999
_c
170643
_d
170643